000 004810000a22001570004500
003 MACL
005 20180323162254.0
008 180323b xxu||||| |||| 00| 0 eng d
040 _cmacl
100 _aराजेन्‍द्र यादव
_971543
245 _aमंत्र विद्ध आैर कुलटा
260 _bराधा कृष्‍ण
_c1995
350 _a95
650 _aउपन्‍यास
_971544
942 _cHIN
_k891.433/YAD/N
_2ddc
999 _c19555
_d19555